000 00637nam a2200205Ii 4500
003 JO-AjNU
008 230605s9999||||xx |||||||||||||| ||und||
017 _a2009/11/4743
040 _aJO-AjNU
_bara
_erda
_cJO-AjNU
041 _aara
050 1 4 _aRG525.S53 2009
100 3 _aالشريجي ، رياض,
_eauthor
_949182
245 0 0 _aالحمل والعناية بالطفل
264 3 1 _aعمان:وزارة الثقافة ، 2009
300 _a253ص
336 _atext
_btxt
_2rdacontent
337 _aunmediated
_bn
_2rdamedia
338 _avolume
_bnc
_2rdacarrier
650 4 _aالحمل - العناية بالطفل
_949183
999 _aA21586
_c25154
_d25154